Pesticides and international migratory bird conservation (Registro nro. 12654)

Detalles MARC
000 -CABECERA
Campo de control 006900000a22002290004500
090 ## - CLASIFICACIÓN LOCAL
Colección AR
Consecutivo 03604
041 0# - IDIOMA
Código de idioma para texto/pista de sonido o título separado
100 1# - ASIENTO PRINCIPAL--NOMBRE PERSONAL
Nombre personal Hooper, Michael J.
245 10 - MENCION DE TITULO
Título Pesticides and international migratory bird conservation
500 ## - NOTA GENERAL
Nota general <Colección uso y valoración>
650 14 - ASIENTO SECUNDARIO DE MATERIA - TERMINO TEMATICO
Término temático o nombre geográfico como elemento de entrada Aves migratorias
650 14 - ASIENTO SECUNDARIO DE MATERIA - TERMINO TEMATICO
Término temático o nombre geográfico como elemento de entrada Contaminación
650 14 - ASIENTO SECUNDARIO DE MATERIA - TERMINO TEMATICO
Término temático o nombre geográfico como elemento de entrada Mortalidad
650 14 - ASIENTO SECUNDARIO DE MATERIA - TERMINO TEMATICO
Término temático o nombre geográfico como elemento de entrada Manejo de vida silvestre
650 14 - ASIENTO SECUNDARIO DE MATERIA - TERMINO TEMATICO
Término temático o nombre geográfico como elemento de entrada Agroecología
653 ## - TERMINO DE INDIZACION - NO CONTROLADO
-- Buteo
-- Buteo swainsoni
700 1# - ASIENTO SECUNDARIO - NOMBRE PERSONAL
Nombre personal Mineau, Pierre
700 1# - ASIENTO SECUNDARIO - NOMBRE PERSONAL
Nombre personal Zaccagnini, María Elena
700 1# - ASIENTO SECUNDARIO - NOMBRE PERSONAL
Nombre personal Woodbridge, Brian
773 1# - Item fuente:
Título Preprint
Paginas del Articulo 1-45
Lugar, editorial y fecha de publicación 1999?
942 ## - ELEMENTOS ADICIONALES (KOHA)
Tipo de ítem Artículo
Existencias
Withdrawn status Lost status Damaged status No para préstamo Colección Ubicación Permanente Ubicación actual Fecha de adquisición Fuente de Valor Datos de publicación Seriada Total Checkouts Número topográfico Inventario / Código de Barras Date last seen Ejemplar Price effective from Forma de adquisición Tipo de material
      No para Préstamo Hemeroteca Bogotá Bogotá 27/02/2015 Cavelier, Inés Fuera de circulación   AR 03604 017161 25/03/2015 1 25/03/2015   Artículo